000 00287nam a2200097Ia 4500
001 1116092
005 20250827004039.0
008 250824s9999 xx 000 0 und d
245 0 _aÇOĞU İNSAN İYİDİR YENİ BİR İNSANLIK TARİHİ
_cRUTGER BREGMAN
260 _bMUNDİ KİTAP YAYINLARI
999 _c1116092
_d1116092